Responses for Show #5621 - Monday, February 2, 2009

Contestants

[<< previous game]

Carolyn Young, a homemaker from Marietta, Georgia

Garrett Laws Weinberg, a software engineer from Arlington, Massachusetts

Jack Feerick, a freelance writer from Churchville, New York (whose 3-day cash winnings total $108,200)

[next game >>]

Jeopardy! Round responses

THE 1880s
GAME SHOWS IN TV & MOVIES
ALL THE MARBLES
SERENITY NOW!
SKY HIGH
(Alex: You have to identify the city for us.)
ABOARD AN AIRCRAFT CARRIER
(Sarah: ...USS John C. Stennis, an 1,100-foot nuclear-powered long arm of the U.S. Navy.)
    $200 21
Kansas

Garrett
    $200 11
The Flintstones

Carolyn
    $200 6
(Jack: Who is Julius Caesar?)

Augustus

JackGarrett
    $200 1
calm

Garrett
    $200 22
New York City

Carolyn
    $200 16
catapults

Garrett
    $400 27
Clara Barton

Carolyn
    $400 12
Monk

Carolyn
    $400 7
a Bundt pan

Jack
    $400 2
Tranquility

Jack
    $400 23
Los Angeles

Carolyn
    $400 17
the bridge

Carolyn
    $600 28
the Great Seal

Jack
    $600 13
Richie Cunningham

Carolyn
    $600 8
tennis

Garrett
    $600 3
All Quiet

Carolyn
    $600 24
Chicago

Carolyn
    $600 18
knots

Garrett
    $800 29
(Alex: Yes, it was a pen.)

ink

Carolyn
    $800 14
National Lampoon's European Vacation

Garrett
    $800 9
the planet Earth

Garrett
    $1,000 4
composed

Carolyn
    $800 25
(Garrett: What is San Francisco?)

New Orleans

GarrettCarolyn
    $800 19
(Alex: He's the guy, by the way, who ducked out of the shot... for that takeoff.)

Hawkeye

Jack
    $1000 30
Sinclair Lewis

Jack
    $1000 15
Cindy Brady

Jack
    $1000 10
Marblehead

Carolyn
    $1000 5
Lake Placid

Garrett
    $1000 26
Miami

Carolyn
    $1000 20
hydraulics

Carolyn

Scores at the first commercial break (after clue 15):

Jack Garrett Carolyn
$1,600 $3,600 $3,800

Scores at the end of the Jeopardy! Round:

Jack Garrett Carolyn
$4,000 $3,800 $9,400

Double Jeopardy! Round responses

MYTHOLOGY
ANNA-GRAMS
IT AIN'T BRAIN SURGERY
ARTE ITALIANO
RIGHT "IN" THE MIDDLE
(Alex: Those two letters, "I-N", will be in the middle of each correct response.)
A LITTLE CRAZY
    $400 26
Athena

Garrett
    $400 21
William Henry Harrison

Garrett
    $400 16
the aorta

Carolyn
    $400 11
Leonardo da Vinci

Carolyn
    $400 1
a hint

Garrett
    $400 6
Hannibal Lecter

Garrett
    $8,000 27
(Garrett: Who are... uh, the Cretans?)

the Pygmies

Garrett
    $800 22
Anna Freud

Garrett
    $800 17
(Carolyn: What is the large intestine?)

the appendix

JackCarolyn
    $800 12
Michelangelo

Garrett
    $800 2
a mint

Carolyn
    $800 7
Goodfellas

Jack
    $1200 28
[The end-of-round signal sounds.]

god of war

Jack
    $1200 23
Anna Karenina

Garrett
    $1200 18
the pancreas

Carolyn
    $1200 13
Donatello

Garrett
    $1200 3
a prince

Jack
    $4,000 8
(Alex: [*] in Psycho. Yes.)

Norman Bates

Jack
    $1600 24
Anna Sewell

Carolyn
    $1600 19
(Carolyn: What is the bowel?)

the colon

JackCarolyn
    $1600 14
St. Francis

Carolyn
    $1600 4
Shinto

Garrett
    $1600 9
(Colonel) Kurtz

Garrett
    $2000 25
Enrico

Jack
    $2000 20
the anterior cruciate ligament

Carolyn
    $2000 15
Tintoretto

Triple Stumper
    $2000 5
(Garrett: What is finite?)
...
(Alex: Remember, the "I-N" had to be exactly in the middle.)

definite

Garrett
Triple Stumper
    $2000 10
Se7en

Jack

Scores at the end of the Double Jeopardy! Round:

Jack Garrett Carolyn
$17,600 $2,600 $15,000

[wagering suggestions for these scores]

Final Jeopardy! Round responses

STATE CAPITALS
GarrettWhat is Jefferson City?
$1,000
CarolynWhat is Jefferson City?
$15,000
JackWhat is Birmingham?
$13,000
Jefferson City

Final scores:

Jack Garrett Carolyn
$4,600 $3,600 $30,000
2nd place: $2,000 3rd place: $1,000 New champion: $30,000

Game dynamics:

Coryat scores:

Jack Garrett Carolyn
$14,800 $10,600 $14,800
14 R
(including 1 DD),
1 W
19 R,
3 W
(including 1 DD)
22 R
(including 1 DD),
2 W

Combined Coryat: $40,200

[game clues] [game scores] [suggest correction]

Game tape date: 2008-11-19
The J! Archive is created by fans, for fans. Scraping, republication, monetization, and malicious use prohibited; this site may use cookies and collect identifying information. See terms. The Jeopardy! game show and all elements thereof, including but not limited to copyright and trademark thereto, are the property of Jeopardy Productions, Inc. and are protected under law. This website is not affiliated with, sponsored by, or operated by Jeopardy Productions, Inc. Join the discussion at JBoard.tv.